Normal view MARC view

Entry Personal Name

Number of records used in: 1

001 - CONTROL NUMBER

  • control field: 26100

003 - CONTROL NUMBER IDENTIFIER

  • control field: OSt

005 - DATE AND TIME OF LATEST TRANSACTION

  • control field: 20210730121751.0

008 - FIXED-LENGTH DATA ELEMENTS

  • fixed length control field: 210730|| aca||aabn | a|a d

040 ## - CATALOGING SOURCE

  • Original cataloging agency: OSt
  • Transcribing agency: OSt

100 ## - HEADING--PERSONAL NAME

  • Personal name: Kowalewska, Helen

670 ## - SOURCE DATA FOUND

  • Source citation: Work cat.: (OSt)517090: Kowalewska, Helen, Bringing Women on Board: The Social Policy Implications of Gender Diversity in Top Jobs

Powered by Koha